[Event "East Lansing (MI Op/5/5)"]
[Site "?"]
[Date "1985.??.??"]
[Round "?"]
[White "Avery, Robert W"]
[Black "Rogan, M.."]
[Result "1-0"]
[WhiteElo "2120"]
[BlackElo "2065"]
[PlyCount "69"]
[EventDate "1985.??.??"]

{5/(5)} 1. d4 e6 2. c4 Nf6 3. Nc3 Bb4 4. Qc2 d5 5. a3 Bxc3+ 6. Qxc3 Ne4 7. Qc2
O-O 8. Nf3 Nd7 9. e3 b6 10. Bd3 Bb7 11. O-O c5 12. b4 Rc8 13. Bb2 f5 14. Qb3
cxd4 15. exd4 Ndf6 16. c5 Rc7 17. Rad1 Qe8 18. Qc2 Qh5 19. Qe2 g5 20. Ne5 g4
21. f4 gxf3 22. Qxf3 Ng4 23. h3 Ngf6 24. Bc1 Qxf3 25. Rxf3 Kg7 26. Kh2 Nh5 27.
Rdf1 Nhf6 28. g4 fxg4 29. hxg4 h6 30. Kg2 bxc5 31. bxc5 Bc6 32. Rh3 Ng5 33. Rh2
Rb8 34. Rxf6 Kxf6 35. Rxh6+ 1-0

[Event "East Detroit (MCO/2/25)"]
[Site "?"]
[Date "1985.??.??"]
[Round "?"]
[White "Avery, Robert W"]
[Black "Roberts, Kenneth"]
[Result "1-0"]
[WhiteElo "2170"]
[BlackElo "1605"]
[PlyCount "49"]
[EventDate "1985.??.??"]

{2/(25)} 1. c4 Nf6 2. d4 e6 3. Nc3 Bb4 4. Qc2 c5 5. dxc5 Bxc5 6. Nf3 O-O 7. Bg5
b6 8. e3 Bb7 9. Be2 Nc6 10. Rd1 Nb4 11. Qb1 Be7 12. O-O h6 13. Bh4 Rc8 14. Nb5
Be4 15. Qa1 a6 16. Nd6 Rc6 17. Nxe4 Nxe4 18. Bxe7 Qxe7 19. a3 Nc2 20. Qb1 Nxe3
21. fxe3 Nd6 22. Nd4 Rc7 23. b3 e5 24. Nf5 Qg5 25. Rxd6 1-0

[Event "East Lansing (MI Op/7/6)"]
[Site "?"]
[Date "1985.??.??"]
[Round "?"]
[White "Avery, Robert W"]
[Black "Mason, D.."]
[Result "1/2-1/2"]
[WhiteElo "2120"]
[BlackElo "2035"]
[PlyCount "101"]
[EventDate "1985.??.??"]

{7/(6)} 1. d4 Nf6 2. c4 e6 3. Nc3 Bb4 4. Qc2 O-O 5. a3 Bxc3+ 6. Qxc3 d5 7. Nf3
Nbd7 8. b4 dxc4 9. Qxc4 Nb6 10. Qc2 Bd7 11. e3 Ba4 12. Qb1 a6 13. Bd3 h6 14.
O-O Bb5 15. Bd2 Ne8 16. Rc1 f5 17. Ne5 Nd6 18. Qb3 Re8 19. a4 Bxd3 20. Qxd3 c6
21. f3 Nd7 22. Bc3 Nf6 23. Re1 Nf7 24. Nxf7 Kxf7 25. e4 f4 26. Qc4 b5 27. Qb3
Re7 28. Ra2 Ne8 29. Rea1 Rc8 30. g3 fxg3 31. hxg3 Nd6 32. Re2 Nc4 33. f4 Qd7
34. Rf1 g6 35. Ba1 Rf8 36. Qc3 Ke8 37. Ra2 Ref7 38. Raf2 g5 39. axb5 axb5 40.
Qc1 gxf4 41. gxf4 Qe7 42. Bc3 Qh4 43. Rh2 Qg3+ 44. Rg2 Qe3+ 45. Kh1 Qxe4 46.
Re1 Qd5 47. Qa1 Rxf4 48. Qa8+ Ke7 49. Qa7+ Kd6 50. Qc5+ Kd7 51. Qa7+ 1/2-1/2

[Event "Westland (SEMO/1a/3)"]
[Site "?"]
[Date "1985.??.??"]
[Round "?"]
[White "Avery, Robert W"]
[Black "Martin, K.."]
[Result "1-0"]
[WhiteElo "2150"]
[BlackElo "1985"]
[PlyCount "59"]
[EventDate "1985.??.??"]

1. c4 Nf6 2. Nc3 e6 3. e4 d5 4. exd5 exd5 5. d4 Be7 6. Nf3 O-O 7. Bg5 Re8 8.
Be2 dxc4 9. O-O Be6 10. Ne5 Nd5 11. Bxe7 Rxe7 12. Bxc4 Nf4 13. d5 Bf5 14. Qd4
Ng6 15. f4 Nd7 16. Rae1 Nb6 17. Bb3 c6 18. d6 Be6 19. Nxg6 hxg6 20. Bxe6 Rxe6
21. Rxe6 fxe6 22. Ne4 Nd5 23. Qe5 Qb6+ 24. Kh1 Rf8 25. Qxe6+ Kh8 26. Ng5 Nf6
27. Rd1 Qf2 28. d7 Nxd7 29. Qh3+ Kg8 30. Qh7# 1-0

[Event "Westland (SEMO/5/6)"]
[Site "?"]
[Date "1985.??.??"]
[Round "?"]
[White "Avery, Robert W"]
[Black "Levine, H.."]
[Result "1-0"]
[WhiteElo "2150"]
[BlackElo "1970"]
[PlyCount "75"]
[EventDate "1985.??.??"]

{5/(6)} 1. d4 Nf6 2. c4 c5 3. d5 b5 4. cxb5 a6 5. e3 d6 6. Nc3 g6 7. Nf3 Bg7 8.
a4 Nbd7 9. Ra3 O-O 10. Be2 Bb7 11. O-O Qc7 12. e4 Rfb8 13. Re1 Ne8 14. Be3 Qd8
15. Qc2 Nc7 16. Nd2 axb5 17. Nxb5 Nxb5 18. Bxb5 Ba6 19. Bxa6 Rxa6 20. Nc4 Ne5
21. Nxe5 Bxe5 22. b3 Qa5 23. Bd2 Qb6 24. Qc4 Ra7 25. Kf1 Bb2 26. a5 Qa6 27.
Qxa6 Rxa6 28. Ra2 Bd4 29. Rb1 Rb5 30. Ra4 Kf8 31. Ke2 Ke8 32. f3 Kd7 33. Kd3 h5
34. Kc4 Rb8 35. b4 Bf2 36. b5 Bd4 37. bxa6 Rxb1 38. a7 1-0

[Event "Ann Arbor (Masters/Experts Inv)"]
[Site "?"]
[Date "1985.??.??"]
[Round "?"]
[White "Avery, Robert W"]
[Black "Kulbacki, James"]
[Result "1-0"]
[WhiteElo "2150"]
[BlackElo "2035"]
[PlyCount "53"]
[EventDate "1985.??.??"]

1. d4 e6 2. c4 Nf6 3. Nc3 c5 4. d5 exd5 5. cxd5 d6 6. e4 a6 7. f4 g6 8. e5 dxe5
9. fxe5 Nfd7 10. Nf3 Bg7 11. e6 fxe6 12. dxe6 Nf6 13. Qa4+ b5 14. Bxb5+ Ke7 15.
Be3 Qb6 16. O-O-O Bxe6 17. Bc4 Bd7 18. Rhe1 Kd8 19. Qa3 Qb4 20. Bxc5 Qxc4 21.
Rd4 Qg8 22. Bb6+ Kc8 23. Qd6 Bh6+ 24. Kb1 Bf5+ 25. Ka1 Qf7 26. Re7 Qxe7 27.
Rc4+ 1-0

[Event "East Detroit (MCO/6/15)"]
[Site "?"]
[Date "1985.??.??"]
[Round "?"]
[White "Avery, Robert W"]
[Black "Hosey, L.."]
[Result "1-0"]
[WhiteElo "2170"]
[BlackElo "1830"]
[PlyCount "43"]
[EventDate "1985.??.??"]

{6/(15)} 1. c4 e5 2. Nc3 Nf6 3. Nf3 Nc6 4. e3 d6 5. d4 Bg4 6. d5 Ne7 7. Be2 Ng6
8. O-O Be7 9. Nd2 Bxe2 10. Qxe2 O-O 11. f4 exf4 12. exf4 Qd7 13. Nf3 Rfe8 14.
Bd2 c6 15. Qd3 Rac8 16. Rad1 cxd5 17. cxd5 Nh5 18. Nd4 Rf8 19. Rf3 a6 20. Rdf1
Ne5 21. fxe5 dxe5 22. Nde2 1-0

[Event "Westland (MEX/1)"]
[Site "?"]
[Date "1985.??.??"]
[Round "?"]
[White "Avery, Robert W"]
[Black "Groisser, D.."]
[Result "1-0"]
[WhiteElo "2150"]
[BlackElo "2055"]
[PlyCount "81"]
[EventDate "1985.??.??"]

1. d4 Nf6 2. c4 e6 3. Nc3 Bb4 4. Qc2 d5 5. a3 Bxc3+ 6. Qxc3 Nbd7 7. Nf3 h6 8.
e3 b6 9. cxd5 exd5 10. Ne5 O-O 11. Nc6 Qe8 12. b4 Ne4 13. Qc2 Qe6 14. b5 a6 15.
a4 Re8 16. Ba3 axb5 17. Bxb5 Ba6 18. O-O Nd6 19. Bxd6 Qxd6 20. Rfc1 Rec8 21.
Qb3 Nf6 22. g3 Bxb5 23. axb5 Rxa1 24. Rxa1 Ne4 25. Qxd5 Qxd5 26. Ne7+ Kh7 27.
Nxd5 Nd6 28. Nc3 c6 29. bxc6 Rxc6 30. Nd5 Nc4 31. Ra7 Rd6 32. Nc3 Kg6 33. Rc7
Na3 34. h3 f5 35. Kf1 Kf6 36. Ke2 g5 37. Kd3 h5 38. f3 Kg6 39. d5 h4 40. gxh4
gxh4 41. Rc6 1-0

[Event "East Detroit (MCO/4/5)"]
[Site "?"]
[Date "1985.??.??"]
[Round "?"]
[White "Avery, Robert W"]
[Black "Finegold, Ben"]
[Result "0-1"]
[WhiteElo "2170"]
[BlackElo "2330"]
[PlyCount "78"]
[EventDate "1985.??.??"]

{4/(5)} 1. c4 e6 2. Nc3 d5 3. d4 Nf6 4. Bg5 Nbd7 5. e3 c6 6. cxd5 exd5 7. Nf3
Be7 8. Bd3 O-O 9. O-O Re8 10. Qc2 h6 11. Bxf6 Nxf6 12. Rab1 Bd6 13. b4 Bg4 14.
Nd2 Rc8 15. Rfe1 Bc7 16. f3 Qd6 17. Nf1 Bd7 18. Qd2 b6 19. Rb3 Ra8 20. Ba6 c5
21. Nb5 Bxb5 22. Bxb5 c4 23. Bxe8 cxb3 24. Ba4 bxa2 25. Ra1 b5 26. Bc2 a5 27.
Rxa2 a4 28. e4 dxe4 29. fxe4 Bb6 30. Kh1 Bxd4 31. Ne3 Qe6 32. Nd5 Nxd5 33. exd5
Qxd5 34. Ra3 Qe5 35. Rd3 Re8 36. h3 Qe1+ 37. Kh2 Bg1+ 38. Kh1 Bb6+ 39. Kh2 Bc7+
0-1

[Event "Westland (SEMO/3/5)"]
[Site "?"]
[Date "1985.??.??"]
[Round "?"]
[White "Avery, Robert W"]
[Black "Everett, Morgan"]
[Result "1-0"]
[WhiteElo "2150"]
[BlackElo "2120"]
[PlyCount "68"]
[EventDate "1985.??.??"]

{3/(5)} 1. d4 Nf6 2. c4 g6 3. Nc3 Bg7 4. e4 O-O 5. Be3 d6 6. f3 e5 7. d5 c6 8.
Qd2 cxd5 9. cxd5 a6 10. O-O-O Qa5 11. Kb1 Nbd7 12. Nge2 b5 13. Nc1 b4 14. N3e2
Rb8 15. Nd3 Qb5 16. Nec1 Qa4 17. b3 Qa5 18. Nb2 Nc5 19. a4 Ne8 20. Nc4 Qd8 21.
a5 f5 22. Nb6 fxe4 23. Bxc5 dxc5 24. d6 Bb7 25. fxe4 Bxe4+ 26. Ka2 Rxb6 27.
axb6 Qxb6 28. Bd3 Qa5+ 29. Kb1 Bxd3+ 30. Qxd3 e4 31. Qd5+ Kh8 32. Na2 Qa3 33.
Rd2 Rf5 34. d7 Nf6 1-0

[Event "East Lansing (MI Op/3/15)"]
[Site "?"]
[Date "1985.??.??"]
[Round "?"]
[White "Avery, Robert W"]
[Black "Chen, F.."]
[Result "1-0"]
[WhiteElo "2120"]
[BlackElo "1930"]
[PlyCount "47"]
[EventDate "1985.??.??"]

{3/(15)} 1. d4 Nf6 2. c4 e5 3. dxe5 Ng4 4. Bf4 Nc6 5. Nf3 Bb4+ 6. Nbd2 Qe7 7.
a3 Ngxe5 8. Nxe5 Nxe5 9. e3 Bxd2+ 10. Qxd2 d6 11. Be2 O-O 12. O-O Bd7 13. c5
Rad8 14. cxd6 cxd6 15. Qa5 a6 16. Qc7 Rc8 17. Qxb7 Rb8 18. Qxa6 Rxb2 19. Rfd1
f6 20. Bf1 Bg4 21. Qxd6 Qb7 22. Bxe5 Rc2 23. Rdb1 Qe4 24. Bd3 1-0

[Event "Westland (MEX/3)"]
[Site "?"]
[Date "1985.??.??"]
[Round "?"]
[White "Avery, Robert W"]
[Black "Bassin, C.."]
[Result "1-0"]
[WhiteElo "2150"]
[BlackElo "2120"]
[PlyCount "83"]
[EventDate "1985.??.??"]

1. d4 Nf6 2. c4 e6 3. Nc3 Bb4 4. Qc2 O-O 5. Nf3 d5 6. a3 Bxc3+ 7. Qxc3 Ne4 8.
Qc2 Nd7 9. e3 Ndf6 10. Bd3 b6 11. Nd2 Bb7 12. f3 Nxd2 13. Bxd2 Rc8 14. c5 bxc5
15. Qxc5 a6 16. Bb4 Re8 17. Qa7 Rb8 18. Bxa6 c5 19. dxc5 Bc6 20. Be2 Nd7 21.
Qa6 Ne5 22. Bc3 Bb7 23. Qa4 Bc6 24. Qd4 f6 25. O-O Qe7 26. b4 Ba4 27. Rfe1 Rec8
28. e4 Nc6 29. Qe3 Qf7 30. exd5 exd5 31. Bd4 Re8 32. Qc3 Na7 33. Qd2 Nc6 34.
Bf1 Red8 35. Re3 Rd7 36. f4 Ne7 37. Bd3 Ng6 38. Bf5 Re7 39. Rae1 Rbe8 40. g3
Ne5 41. fxe5 fxe5 42. Rxe5 1-0

[Event "East Lansing (MI Op/1b/7)"]
[Site "?"]
[Date "1985.??.??"]
[Round "?"]
[White "Avery, Robert W"]
[Black "Armstead, Curt"]
[Result "0-1"]
[WhiteElo "2120"]
[BlackElo "1850"]
[PlyCount "140"]
[EventDate "1985.??.??"]

1. d4 Nf6 2. c4 g6 3. Nc3 d5 4. cxd5 Nxd5 5. e4 Nxc3 6. bxc3 Bg7 7. Nf3 O-O 8.
Bc4 c5 9. Rb1 cxd4 10. cxd4 Nc6 11. d5 Ne5 12. Nxe5 Bxe5 13. O-O Qc7 14. Qb3
Bxh2+ 15. Kh1 Bf4 16. Bb2 Be5 17. f4 Bxb2 18. Rxb2 Rb8 19. Rc2 Qa5 20. f5 Bd7
21. fxg6 hxg6 22. Rcf2 Kg7 23. Qb2+ f6 24. e5 Qc5 25. Bb3 Rbc8 26. exf6+ exf6
27. g4 Bxg4 28. Rxf6 Rh8+ 29. Kg2 Bh3+ 30. Kg3 Qc3+ 31. Qxc3 Rxc3+ 32. R1f3
Rxf3+ 33. Rxf3 Bf5 34. Kf4 Kf6 35. Rc3 Rh4+ 36. Ke3 Rh3+ 37. Kd4 Rxc3 38. Kxc3
Ke5 39. Kc4 Kd6 40. Kd4 Bh3 41. Bc2 Bf5 42. Bd1 g5 43. Bf3 b5 44. a3 a5 45. Be2
Bd7 46. Bf3 Bf5 47. Be2 Bd7 48. Bf3 g4 49. Bg2 Be8 50. Bf1 Bd7 51. Bg2 g3 52.
Bf1 Bf5 53. Ke3 Bd7 54. Kd4 b4 55. axb4 Bb5 56. Bh3 axb4 57. Bg2 b3 58. Kc3 Bc4
59. Bh3 Bxd5 60. Bf1 Ke5 61. Bh3 Kf4 62. Bf1 Kf3 63. Bh3 g2 64. Bxg2+ Kxg2 65.
Kb2 Kf2 66. Kc3 Ke1 67. Kb2 Kd1 68. Ka1 Kd2 69. Kb2 Bc4 70. Ka1 Kc3 0-1

[Event "East Detroit (MCO/2/39)"]
[Site "?"]
[Date "1985.??.??"]
[Round "?"]
[White "Atkinson, H.."]
[Black "Wlodarczyk, P.."]
[Result "0-1"]
[WhiteElo "1665"]
[BlackElo "1605"]
[PlyCount "104"]
[EventDate "1985.??.??"]

{2/(39)} 1. d4 Nf6 2. c4 e6 3. Nc3 d5 4. Nf3 c5 5. Bg5 cxd4 6. Nxd4 e5 7. Bxf6
Qxf6 8. Nxd5 Qd8 9. Nb5 Na6 10. Qa4 Bd7 11. e4 Bc5 12. Bd3 O-O 13. O-O Bd4 14.
Qc2 Bxb5 15. cxb5 Nc5 16. Rab1 Rc8 17. Rfc1 Kh8 18. b4 Bxf2+ 19. Qxf2 Nxd3 20.
Rxc8 Qxc8 21. Qd2 Qc4 22. Rd1 Qd4+ 23. Qe3 Qxe3+ 24. Nxe3 Nxb4 25. a3 Na2 26.
Nd5 Rc8 27. Kf1 h6 28. Ke2 f5 29. Rd2 Nc1+ 30. Kd1 fxe4 31. Rc2 Rd8 32. Rxc1
Rxd5+ 33. Ke2 Rxb5 34. Ke3 Rb3+ 35. Kxe4 Rxa3 36. Kxe5 Ra2 37. Rc7 b5 38. g4 a5
39. Kf5 Kh7 40. h4 b4 41. g5 Rf2+ 42. Kg4 hxg5 43. hxg5 Rg2+ 44. Kh5 Rh2+ 45.
Kg4 b3 46. Rb7 a4 47. Kg3 Rc2 48. Kg4 b2 49. Kf5 Rh2 50. Kg4 a3 51. Kf5 Rh1 52.
Kg4 a2 0-1

[Event "East Detroit (MCO/6/31)"]
[Site "?"]
[Date "1985.??.??"]
[Round "?"]
[White "Atkinson, H.."]
[Black "Kulik, J.."]
[Result "0-1"]
[WhiteElo "1665"]
[BlackElo "1605"]
[PlyCount "66"]
[EventDate "1985.??.??"]

{6/(31)} 1. d4 Nf6 2. c4 g6 3. Nc3 d5 4. Nf3 Bg7 5. cxd5 Nxd5 6. e4 Nxc3 7.
bxc3 c5 8. Be3 Nc6 9. Bb5 Qa5 10. Bxc6+ bxc6 11. Qd2 Ba6 12. Rc1 Rd8 13. e5
cxd4 14. cxd4 Qxd2+ 15. Nxd2 Rc8 16. Nc4 O-O 17. O-O Rfd8 18. Rfd1 e6 19. Na5
Rd7 20. Rxc6 Rxc6 21. Nxc6 Bb5 22. Nb4 Bxe5 23. f4 Bd6 24. Nd3 f6 25. Nf2 Bc4
26. Ne4 Be7 27. Nc3 a6 28. Rb1 Kf7 29. a4 Rc7 30. Rb6 Bd3 31. Bf2 Bd8 32. Rb8
Rd7 33. Be3 Ba5 0-1

[Event "East Detroit (MCO/4/34)"]
[Site "?"]
[Date "1985.??.??"]
[Round "?"]
[White "Atkinson, H.."]
[Black "Keeley, G.."]
[Result "0-1"]
[WhiteElo "1665"]
[BlackElo "1605"]
[PlyCount "113"]
[EventDate "1985.??.??"]

{4/(34)} 1. d4 Nf6 2. c4 e6 3. Nf3 d5 4. Nc3 Bb4 5. a3 Bxc3+ 6. bxc3 O-O 7. Bg5
h6 8. Bf4 Nc6 9. e3 Bd7 10. Be2 Ne4 11. Qc2 Ne7 12. Ne5 Be8 13. O-O f6 14. Nf3
c6 15. Bd3 f5 16. h3 Ng6 17. Bh2 Ng5 18. Nxg5 Qxg5 19. f4 Qd8 20. Rfb1 b6 21.
cxd5 exd5 22. Bxf5 Qf6 23. Bd3 Nh4 24. Re1 Bg6 25. Bxg6 Nxg6 26. c4 Rac8 27. c5
bxc5 28. Qxc5 Rf7 29. Rab1 Rd8 30. Rb3 Qh4 31. Reb1 Qf6 32. Rb8 Rdf8 33. Rxf8+
Rxf8 34. Rb7 Qe6 35. Kf2 Re8 36. Qc3 Nh4 37. g4 Qe4 38. Ke2 Qf3+ 39. Kd2 Qf2+
40. Kc1 Rxe3 41. Rb8+ Kh7 42. Qc2+ Qxc2+ 43. Kxc2 Re2+ 44. Kd1 Rxh2 45. Rb3
Rh1+ 46. Ke2 Rh2+ 47. Kd1 Ra2 48. Kc1 Ra1+ 49. Kb2 Rf1 50. f5 Nf3 51. Rd3 Ng5
52. Kb3 Rh1 53. Kb4 Rb1+ 54. Ka5 Rb6 55. a4 Nf7 56. Ra3 Nd6 57. Rc3 0-1

[Event "East Lansing (MI Op/4/18)"]
[Site "?"]
[Date "1985.??.??"]
[Round "?"]
[White "Armstead, Curt"]
[Black "Levine, H.."]
[Result "1/2-1/2"]
[WhiteElo "1850"]
[BlackElo "1990"]
[PlyCount "78"]
[EventDate "1985.??.??"]

{4/(18)} 1. d4 Nf6 2. c4 c5 3. e3 g6 4. Nf3 Bg7 5. Nc3 O-O 6. Be2 d5 7. dxc5
Qa5 8. O-O dxc4 9. e4 Qxc5 10. Be3 Qc7 11. h3 Bd7 12. e5 Ne8 13. Nd5 Qd8 14.
Bxc4 Nc6 15. Bc5 Nc7 16. Re1 Ne6 17. Ba3 Rc8 18. Bb5 Re8 19. Bf1 Nc7 20. Nc3
Be6 21. Qa4 Nd5 22. Nxd5 Qxd5 23. b3 Qa5 24. Qxa5 Nxa5 25. Bb5 Nc6 26. Bxc6
Rxc6 27. Nd4 Ra6 28. Bb4 Kf8 29. Nxe6+ Rxe6 30. f4 Bh6 31. g3 Rc8 32. Rac1 Rec6
33. Rxc6 Rxc6 34. Re2 Ke8 35. Kf2 Bf8 36. Rd2 e6 37. Bxf8 Kxf8 38. Ke3 Rc3+ 39.
Rd3 Rc2 1/2-1/2

[Event "East Lansing (MI Op/6/21)"]
[Site "?"]
[Date "1985.??.??"]
[Round "?"]
[White "Armstead, Curt"]
[Black "Haluska, James"]
[Result "0-1"]
[WhiteElo "1850"]
[BlackElo "2010"]
[PlyCount "58"]
[EventDate "1985.??.??"]

{6/(21)} 1. d4 Nf6 2. c4 g6 3. Nc3 Bg7 4. e4 O-O 5. Be3 d6 6. f3 e5 7. d5 Nbd7
8. Bd3 Nh5 9. Qd2 f5 10. exf5 gxf5 11. Nge2 b6 12. O-O Nc5 13. Bc2 a5 14. Bh6
Qf6 15. Bxg7 Qxg7 16. Ba4 Nxa4 17. Nxa4 Bd7 18. Nac3 Kh8 19. Rf2 Rg8 20. Kf1
Rae8 21. Nd1 Nf6 22. b3 Re7 23. Rc1 Rge8 24. Rc3 e4 25. Qd4 f4 26. Ng1 exf3 27.
Nxf3 Re4 28. Qd3 Ng4 29. Rb2 Ne3+ 0-1

[Event "East Lansing (MI Op/2/19)"]
[Site "?"]
[Date "1985.??.??"]
[Round "?"]
[White "Armstead, Curt"]
[Black "Baudry, Pascal"]
[Result "1/2-1/2"]
[WhiteElo "1850"]
[BlackElo "2030"]
[PlyCount "50"]
[EventDate "1985.??.??"]

{2/(19)} 1. d4 Nf6 2. c4 c5 3. Nf3 cxd4 4. Nxd4 e5 5. Nc2 d5 6. cxd5 Bc5 7. Be3
Na6 8. Bxc5 Nxc5 9. b4 Na4 10. Ne3 b5 11. g3 Qd6 12. a3 e4 13. Qd4 O-O 14. Bg2
Re8 15. O-O Qe5 16. Rd1 Ng4 17. Qxe5 Rxe5 18. Nxg4 Bxg4 19. f3 exf3 20. exf3
Bf5 21. Nd2 Nc3 22. f4 Re2 23. Bf1 Re3 24. Re1 Nxd5 25. Kf2 Rxe1 1/2-1/2

[Event "East Lansing (MI Op/4/2)"]
[Site "?"]
[Date "1985.??.??"]
[Round "?"]
[White "Arganian, David G"]
[Black "Thompson, Dexter"]
[Result "0-1"]
[WhiteElo "2125"]
[BlackElo "2260"]
[PlyCount "62"]
[EventDate "1985.??.??"]

{4/(2)} 1. Nf3 d5 2. c4 dxc4 3. e3 Be6 4. Na3 Nf6 5. Nxc4 c5 6. Nce5 g6 7. b4
cxb4 8. Bb5+ Bd7 9. Qb3 e6 10. Nxd7 Nbxd7 11. Bb2 Be7 12. d4 O-O 13. O-O a5 14.
Qc2 Rc8 15. Qe2 Ne4 16. Nd2 Nxd2 17. Qxd2 Nf6 18. Rac1 Qd5 19. Be2 Qxa2 20. Bf3
b6 21. e4 Rfd8 22. g4 a4 23. g5 Ne8 24. Ra1 Bxg5 25. Qxg5 Qxb2 26. d5 exd5 27.
exd5 a3 28. Bg4 Rb8 29. Rad1 b3 30. Rb1 Qc3 31. Rfc1 a2 0-1

[Event "East Lansing (MI Op/2/9)"]
[Site "?"]
[Date "1985.??.??"]
[Round "?"]
[White "Arganian, David G"]
[Black "Sprague, A.."]
[Result "1/2-1/2"]
[WhiteElo "2125"]
[BlackElo "1845"]
[PlyCount "116"]
[EventDate "1985.??.??"]

{2/(9)} 1. e4 g6 2. d4 Bg7 3. h4 c5 4. d5 d6 5. h5 Nd7 6. h6 Bf6 7. Be2 b5 8.
a4 bxa4 9. Rxa4 Nb6 10. Ra2 e6 11. Bd2 exd5 12. exd5 Ne7 13. Bc3 Nbxd5 14. Ba5
Nb6 15. Nc3 O-O 16. Ne4 Be5 17. Bc3 Bxc3+ 18. bxc3 Be6 19. Nf6+ Kh8 20. c4 Nc6
21. Bf3 Qxf6 22. Bxc6 Bxc4 23. Ra3 Rac8 24. Bf3 Rfe8+ 25. Ne2 Rc7 26. O-O g5
27. Re1 Qxh6 28. Ng3 Rxe1+ 29. Qxe1 Be6 30. Nh5 Kg8 31. Qa1 Nc8 32. Qb2 Re7 33.
Ng3 f5 34. Bc6 Bc4 35. Qa1 Re5 36. Bd7 Be6 37. Bxc8 Bxc8 38. Rxa7 f4 39. Ra8
Qe6 40. Nf1 Kf7 41. Ra7+ Kg6 42. Rc7 Bd7 43. Qa7 Bb5 44. Rg7+ Kf5 45. Rf7+ Ke4
46. f3+ Kd5 47. Qa8+ Bc6 48. Qa2+ c4 49. Qa5+ Kd4 50. Qa1+ Kc5 51. Qa5+ Kd4 52.
Qd2+ Kc5 53. Qa5+ Kd4 54. c3+ Kd3 55. Qa2 Re2 56. Qb1+ Kxc3 57. Qa1+ Rb2 58.
Ra7 Qe2 1/2-1/2

[Event "East Detroit (MCO/2/26)"]
[Site "?"]
[Date "1985.??.??"]
[Round "?"]
[White "Arganian, David G"]
[Black "Santus, Nick"]
[Result "1-0"]
[WhiteElo "2110"]
[BlackElo "1650"]
[PlyCount "79"]
[EventDate "1985.??.??"]

{2/(26)} 1. e4 e5 2. Nf3 Nc6 3. Bb5 d6 4. d4 exd4 5. Nxd4 Bd7 6. Bxc6 bxc6 7.
Nc3 Nf6 8. Qd3 Be7 9. Bd2 O-O 10. O-O-O c5 11. Nf5 Re8 12. Nxe7+ Qxe7 13. Bg5
Bc6 14. Rhe1 h6 15. Bh4 Qe5 16. Bg3 Qe6 17. f3 Qc8 18. f4 Qb7 19. e5 dxe5 20.
fxe5 Nh5 21. Bf2 Nf4 22. Qf5 Ne6 23. Ne4 Bxe4 24. Qxe4 Qxe4 25. Rxe4 Rad8 26.
Rc4 Rxd1+ 27. Kxd1 Rd8+ 28. Ke2 Rd5 29. Bg3 Rd4 30. Rxd4 cxd4 31. Kd3 c5 32. a3
Kf8 33. b4 cxb4 34. axb4 Ke7 35. Ke4 Kd7 36. Bf2 Kc6 37. Bxd4 a6 38. c4 g6 39.
Be3 h5 40. h4 1-0

[Event "Ann Arbor (Masters/Experts Inv)"]
[Site "?"]
[Date "1985.??.??"]
[Round "?"]
[White "Arganian, David G"]
[Black "Riegel, P.."]
[Result "1/2-1/2"]
[WhiteElo "2125"]
[BlackElo "1895"]
[PlyCount "88"]
[EventDate "1985.??.??"]

1. e4 c5 2. Nf3 d6 3. c3 Nf6 4. Bc4 e6 5. d3 Be7 6. O-O d5 7. exd5 exd5 8. Bb3
O-O 9. d4 c4 10. Bc2 Bg4 11. Nbd2 Nbd7 12. Qe1 Re8 13. Ne5 Nf8 14. Ndf3 Bd6 15.
Ng5 Bh5 16. f4 h6 17. Ngf3 Bg6 18. f5 Bh5 19. h3 Bxf3 20. Rxf3 Qc7 21. Qg3 Ne4
22. Bxe4 dxe4 23. f6 Ng6 24. Rf1 Bxe5 25. dxe5 Qxe5 26. Bf4 Qxf6 27. Bxh6 Qe5
28. Qf2 Qe6 29. Be3 Ne5 30. Bd4 Nd3 31. Qg3 Qg6 32. Qxg6 fxg6 33. Be3 a6 34. b3
b5 35. bxc4 bxc4 36. Rab1 Rab8 37. Kh2 a5 38. Kg3 a4 39. Kg4 a3 40. Kg5 Rb2 41.
g4 Reb8 42. Ra1 Rf8 43. Rxf8+ Kxf8 44. Rf1+ Ke7 1/2-1/2

[Event "East Detroit (MCO/4/7)"]
[Site "?"]
[Date "1985.??.??"]
[Round "?"]
[White "Arganian, David G"]
[Black "Mills, J.."]
[Result "0-1"]
[WhiteElo "2110"]
[BlackElo "2210"]
[PlyCount "92"]
[EventDate "1985.??.??"]

{4/(7)} 1. e4 c6 2. d4 d5 3. Nd2 dxe4 4. Nxe4 Nf6 5. Nxf6+ gxf6 6. Ne2 h5 7. h4
Bg4 8. Qd3 e6 9. Bd2 Nd7 10. Ng3 Qc7 11. Be2 f5 12. Bxg4 hxg4 13. Ne2 O-O-O 14.
c4 Be7 15. g3 Ne5 16. Qc2 Nf3+ 17. Kf1 Bf6 18. Bf4 Qb6 19. d5 Qxb2 20. Qxb2
Bxb2 21. Rb1 Be5 22. Bxe5 Nxe5 23. Kg2 exd5 24. cxd5 Rxd5 25. Rbd1 Nd3 26. Nc3
Rd6 27. Kf1 Kc7 28. h5 f4 29. Ne4 Rd4 30. Nc5 Nxf2 31. Kxf2 Rxd1 32. Rxd1 Rxh5
33. Ne4 Rh2+ 34. Kg1 fxg3 35. a4 Ra2 36. Nxg3 Rxa4 37. Rf1 b5 38. Rxf7+ Kb6 39.
Kf2 Rc4 40. Ke2 a5 41. Kd3 a4 42. Ne4 a3 43. Nc3 Rb4 44. Kc2 Rb2+ 45. Kc1 g3
46. Rg7 g2 0-1

[Event "East Lansing (MI Op/6/8)"]
[Site "?"]
[Date "1985.??.??"]
[Round "?"]
[White "Arganian, David G"]
[Black "Kulbacki, James"]
[Result "1-0"]
[WhiteElo "2125"]
[BlackElo "2035"]
[PlyCount "67"]
[EventDate "1985.??.??"]

{6/(8)} 1. e4 e6 2. b3 c5 3. Bb2 d5 4. Bb5+ Bd7 5. Bxd7+ Qxd7 6. exd5 exd5 7.
Nf3 d4 8. O-O Nf6 9. Re1+ Be7 10. Qe2 Nc6 11. d3 O-O 12. Nbd2 Rfe8 13. Ne4 Nd5
14. Bc1 f5 15. Ng3 Bd6 16. Qf1 f4 17. Ne4 Ncb4 18. Re2 Re6 19. a3 Nc6 20. Bd2
Rae8 21. Rae1 h6 22. g3 g5 23. gxf4 gxf4 24. Kh1 R8e7 25. Qh3 Nd8 26. Rg1+ Rg7
27. Ree1 Qe7 28. Nh4 Qf8 29. Rxg7+ Kxg7 30. Nf5+ Kh7 31. Nfxd6 Rxd6 32. Nxd6
Qxd6 33. Qf5+ Kg8 34. Rg1+ 1-0

[Event "East Detroit (MCO/6/9)"]
[Site "?"]
[Date "1985.??.??"]
[Round "?"]
[White "Arganian, David G"]
[Black "Garwood, B.."]
[Result "1-0"]
[WhiteElo "2110"]
[BlackElo "1955"]
[PlyCount "71"]
[EventDate "1985.??.??"]

{6/(9)} 1. e4 c6 2. d4 d5 3. Nd2 g6 4. c3 Nf6 5. e5 Nh5 6. Ndf3 Ng7 7. Bd3 Be6
8. Ne2 Nd7 9. h3 Qc7 10. Bf4 O-O-O 11. O-O h6 12. Nd2 Nb8 13. Qa4 b6 14. Rfc1
Nh5 15. Bh2 Kb7 16. b4 g5 17. Qb3 Qd7 18. a4 Bg7 19. Qb2 Rhg8 20. Nb3 Bxh3 21.
gxh3 Qxh3 22. Ng3 Nf4 23. Bf1 Qg4 24. Qc2 e6 25. Qd1 Qh4 26. b5 h5 27. Ra2 Bh6
28. Rca1 g4 29. a5 cxb5 30. axb6 a6 31. Nc5+ Kc6 32. Rxa6 Nh3+ 33. Kg2 Nf4+ 34.
Kh1 Ng6 35. Bxb5+ Kxb5 36. Qa4# 1-0

[Event "East Lansing (MI Op/2/14)"]
[Site "?"]
[Date "1985.??.??"]
[Round "?"]
[White "Almquist, W.."]
[Black "Murray, David"]
[Result "1-0"]
[WhiteElo "1735"]
[BlackElo "2060"]
[PlyCount "43"]
[EventDate "1985.??.??"]

{2/(14)} 1. e4 c5 2. Nf3 d6 3. d4 cxd4 4. Nxd4 Nf6 5. Nc3 a6 6. Bc4 e6 7. Bb3
Be7 8. f4 Qc7 9. Qf3 Nc6 10. Be3 Bd7 11. f5 Nxd4 12. Bxd4 O-O 13. g4 exf5 14.
gxf5 Bc6 15. Rg1 Rfe8 16. Qg2 Bf8 17. Bxf6 Qa5 18. O-O-O Rxe4 19. Nxe4 Qxf5 20.
Qxg7+ Bxg7 21. Rxg7+ Kf8 22. Rxf7+ 1-0

[Event "East Lansing (MI Op/4/16)"]
[Site "?"]
[Date "1985.??.??"]
[Round "?"]
[White "Almquist, W.."]
[Black "Groeller, W.."]
[Result "0-1"]
[WhiteElo "1735"]
[BlackElo "2135"]
[PlyCount "76"]
[EventDate "1985.??.??"]

{4/(16)} 1. e4 c5 2. Nf3 d6 3. d4 cxd4 4. Nxd4 Nf6 5. Nc3 g6 6. Be3 Bg7 7. f3
O-O 8. Qd2 Nc6 9. Bc4 Bd7 10. O-O-O Qa5 11. Bb3 Rfc8 12. g4 Ne5 13. h4 Rxc3 14.
Qxc3 Qxc3 15. bxc3 Rc8 16. Kb2 a5 17. a3 a4 18. Ba2 Nc4+ 19. Bxc4 Rxc4 20. h5
Be8 21. hxg6 hxg6 22. Bh6 Nd7 23. Bxg7 Kxg7 24. g5 Rc5 25. f4 e5 26. fxe5 Nxe5
27. Ne2 Nc4+ 28. Ka2 Rxg5 29. Rdg1 Re5 30. Nf4 Bc6 31. Nh5+ Kf8 32. Nf6 Ke7 33.
Rf1 Bxe4 34. Rh8 Bf5 35. Ng8+ Kd7 36. Nf6+ Kc7 37. Rh7 Be6 38. Ng8 Nd2+ 0-1